Issues in irrigated agriculture and command area development (Record no. 353882)

000 -LEADER
fixed length control field 00371cam a22001217a 4500
008 - FIXED-LENGTH DATA ELEMENTS--GENERAL INFORMATION
fixed length control field 180718b1986 xxu||||| |||| 00| 0 eng d
082 ## - DEWEY DECIMAL CLASSIFICATION NUMBER
Classification number Y1182x54 Si92
245 ## - TITLE STATEMENT
Title Issues in irrigated agriculture and command area development
Statement of responsibility, etc. edited by M.V.K. Sivamohan
260 ## - PUBLICATION, DISTRIBUTION, ETC.
Place of publication, distribution, etc. Delhi
Name of publisher, distributor, etc. Ashish
Date of publication, distribution, etc. 1986
300 ## - PHYSICAL DESCRIPTION
Extent 192p.
650 ## - SUBJECT ADDED ENTRY--TOPICAL TERM
Topical term or geographic name entry element Irrigation - India
700 ## - ADDED ENTRY--PERSONAL NAME
Personal name Sivamohan, M.V.K.
Holdings
Withdrawn status Lost status Damaged status Not for loan Permanent Location Current Location Date acquired Full call number Barcode Date last seen Price effective from Koha item type
        Indian Institute of Public Administration Indian Institute of Public Administration 1993-12-06 Y1182x54 Si92 61573 2018-07-21 2018-07-21 Book

Powered by Koha